Hatillo 7 Por una Costa Rica mejor para todos

保存先:
書誌詳細
団体著者: INVU. Oficina de Planificación del Area Metropolitana
フォーマット: テキスト
出版事項: San José: INVU
主題:
タグ: タグ追加
タグなし, このレコードへの初めてのタグを付けませんか!

MARC

LEADER 00000 a a2200000 04500
001 28868
003
040
090 |a 190100  
110 |a INVU. Oficina de Planificación del Area Metropolitana  
245 |a Hatillo 7 Por una Costa Rica mejor para todos  
260 |a San José:   |b INVU  
300 |a 249 p   |b map.  
650 |a URBANISMO  
650 |a VIVIENDA BARATA  
650 |a ENCUESTAS SOCIALES  
999 |c 10000  |d 10000